000 00529nam a22001817a 4500
003 OSt
005 20250327103009.0
008 250203s2011 ag ||||| |||| 00| 1 spa d
020 _a9789870419945
040 _cbesoc
100 1 _aCortázar, Julio,
_d1914-1984,
_eautor
245 1 0 _aHistorias de cronopios y de famas /
_cJulio Cortázar
260 _aBuenos Aires :
_bAlfaguara,
_c2011
300 _a156 p.
490 0 _aBiblioteca Julio Cortázar
654 4 _aLiteratura argentina
_xMicrorrelatos
_ySiglo XX
942 _2udc
_cOG
_n0
999 _c457
_d457